Cartoon Bears - Statistics

General Stats
  • This quiz has been taken 109 times
  • The average score is 8 of 16
Answer Stats
Picture Answer % Correct
Winnie the Pooh
99%
Paddington Bear
91%
Care bears
78%
Po
73%
Yogi Bear
72%
Baloo
71%
Haribo
62%
Fozzie
54%
Smokey Bear
53%
Boo-Boo
49%
Lots-o'-Huggin' Bear
30%
Banjo
28%
Koda
24%
Rupert Bear
20%
Humphrey
5%
Party Pat
4%
No matching quizzes found
Score Distribution
Percent of People with Each Score
Percentile by Number Answered
Your Score History
You have not taken this quiz